003890000a2200085000450024501240000004100140012470000270013810000360016577301020020110aEspecie nueva de Anadia (Reptilia: Sauria: Gymnophthalmidae) para el Noroccidente de la Cordillera Oriental de Colombia0 aEspañol1 aRances Caicedo, José1 aRueda Almonacid, José Vicente1 tRevista de Academia Colombiana de Ciencias Exactas, Físicas y Naturalesh107q282-284d2004g28